Způsoby řízení v tržní ekonomice. 2.

Pokračovanie z č. 1/92. Faktory, pôsobiace na veľkosť koncernu. Teritoriálne rozmiestenie najväčších západných koncernov. Prístup zahraničných koncernov ku kapitálovej účasti v krajinách východnej Európy. Malé a stredné podniky vo vyspelých ekonomikách a v ČSFR.

Gespeichert in:
Bibliographische Detailangaben
1. Verfasser: Machoň, Ladislav
Format: Buchkapitel
Sprache:Tschechisch
Schlagworte:
Tags: Tag hinzufügen
Keine Tags, Fügen Sie das erste Tag hinzu!

MARC

LEADER 00000naa a2200000 4500
001 r008115
005 20220831090350.8
041 0 |a cze 
044 |a [CS] 
245 1 0 |a Způsoby řízení v tržní ekonomice. 2.  |c Ladislav Machoň 
520 |a Pokračovanie z č. 1/92. Faktory, pôsobiace na veľkosť koncernu. Teritoriálne rozmiestenie najväčších západných koncernov. Prístup zahraničných koncernov ku kapitálovej účasti v krajinách východnej Európy. Malé a stredné podniky vo vyspelých ekonomikách a v ČSFR. 
610 2 0 |a hospodárstvo trhové 
610 2 0 |a riadenie podnikové 
610 2 0 |a koncerny 
610 2 0 |a podnik malý 
610 2 0 |a podnik stredný 
610 2 0 |a východná Európa 
610 2 0 |a ČSFR 
610 2 0 |a rozmiestenie územné 
610 2 0 |a kapitál zahraničný 
100 1 |a Machoň, Ladislav